All Animals Part 4 - Mustelids - Statistics

General Stats
  • This quiz has been taken 9 times
  • The average score is 28 of 62
Answer Stats
Answer % Correct
Sea Otter
86%
Wolverine
86%
American Badger
71%
American Mink
71%
European Badger
71%
Honey Badger
71%
Asian Small Clawed Otter
57%
European Mink
57%
Fisher
57%
Giant Otter
57%
Least Weasel
57%
North American River Otter
57%
Stoat
57%
African Clawless Otter
43%
African Striped Weasel
43%
Amazon Weasel
43%
American Marten
43%
Asian Badger
43%
Black Footed Ferret
43%
Bornean Ferret Badger
43%
Colombian Weasel
43%
Congo Clawless Otter
43%
Eurasian Otter
43%
European Pine Marten
43%
European Polecat
43%
Greater Grison
43%
Greater Hog Badger
43%
Hairy Nosed Otter
43%
Indonesian Mountain Weasel
43%
Japanese Badger
43%
Japanese Marten
43%
Japanese Weasel
43%
Javan Ferret Badger
43%
Lesser Grison
43%
Long Tailed Weasel
43%
Malayan Weasel
43%
Marbled Polecat
43%
Marine Otter
43%
Neotropical Otter
43%
Nilgiri Marten
43%
Northern Hog Badger
43%
Patagonian Weasel
43%
Sable
43%
Saharan Striped Polecat
43%
Siberian Weasel
43%
Smooth Coated Otter
43%
Southern River Otter
43%
Spotted Necked Otter
43%
Steppe Polecat
43%
Sumatran Hog Badger
43%
Tayra
43%
Yellow Bellied Weasel
43%
Yellow Throated Marten
43%
Back Striped Weasel
29%
Burmese Ferret Badger
29%
Chinese Ferret Badger
29%
Domestic Ferret
29%
Mountain Weasel
29%
Striped Polecat
29%
Vietnam Ferret Badger
29%
Beech Marten
14%
Egyptian Weasel
14%
No matching quizzes found
Score Distribution
Percent of People with Each Score
Percentile by Number Answered
Your Score History
You have not taken this quiz